[Event "1. OEsterreichische Internet Schach Meisterschaft - Vorrunde 2"]
[Site "Online - Playchess.com"]
[Date ""]
[Round "5"]
[Board "44"]
[White "Ressmann, Walter"]
[Black "Hofer, Maximilian"]
[Result "1-0"]
[WhiteElo "1868"]
[BlackElo "2108"]
[PlyCount "77"]
[EventDate "2020.04.13"]
[EventRounds "9"]
[EventCountry "AUT"]

1. d4 Nf6 2. Nf3 g6 3. b3 Bg7 4. Bb2 O-O 5. Nbd2 d6 6. e3 b6 7. Bd3 Bb7 8. O-O c5
9. c4 Nc6 10. Rc1 Nb4 11. Bb1 Rc8 12. a3 Na6 13. d5 Nc7 14. Re1 e6 15. e4 e5 16.
Rf1 Qe7 17. Ne1 b5 18. f4 exf4 19. Rxf4 Nh5 20. Bxg7 Nxf4 21. Bxf8 Rxf8 22. Qf3 Qg5
23. Rc2 a6 24. Nd3 Nh5 25. Nf1 Bc8 26. Qe3 Qf6 27. e5 dxe5 28. Qxe5 Qb6 29. Ba2 Bf5
30. Rd2 Ne8 31. Nf4 Nxf4 32. Qxf4 Nd6 33. Ne3 Be4 34. Ng4 Bf5 35. Nf6+ Kg7 36. Qe5
Kh6 37. g4 Qc7 38. g5+ Kg7 39. Ne8+  1-0

[Event "1. OEsterreichische Internet Schach Meisterschaft - Vorrunde 2"]
[Site "Online - Playchess.com"]
[Date ""]
[Round "5"]
[Board "45"]
[White "Flir, Emilio"]
[Black "Lichtl, Erich"]
[Result "1-0"]
[WhiteElo "1843"]
[BlackElo "2096"]
[PlyCount "55"]
[EventDate "2020.04.13"]
[EventRounds "9"]
[EventCountry "AUT"]

1. d4 d5 2. c4 Nc6 3. Nc3 Nf6 4. Nf3 dxc4 5. e4 e6 6. Bxc4 Bb4 7. Bg5 h6 8. Bxf6
Qxf6 9. O-O O-O 10. Rc1 e5 11. Nd5 Qd8 12. Nxb4 Nxb4 13. Nxe5 a5 14. a3 Na6 15. Qh5
Be6 16. Bxe6 fxe6 17. Rfd1 c6 18. Rd3 Rf6 19. Ng4 Rf7 20. Nxh6+ gxh6 21. Qxh6 Rg7
22. Qxe6+ Kh8 23. Rh3+ Rh7 24. Rcc3 Nc7 25. Rxh7+ Kxh7 26. Rh3+ Kg7 27. Rg3+ Kh7
28. Qh3+  1-0

[Event "1. OEsterreichische Internet Schach Meisterschaft - Vorrunde 2"]
[Site "Online - Playchess.com"]
[Date ""]
[Round "5"]
[Board "46"]
[White "Steirer, Gerhard"]
[Black "Iro, Christian"]
[Result "1-0"]
[WhiteElo "1854"]
[BlackElo "2081"]
[PlyCount "25"]
[EventDate "2020.04.13"]
[EventRounds "9"]
[EventCountry "AUT"]

1. e4 c6 2. d4 d5 3. e5 Bf5 4. Nc3 e6 5. g4 Bg6 6. Nge2 h5 7. Nf4 Bh7 8. Nxh5 Nd7
9. Bd3 Bxd3 10. Qxd3 Ne7 11. Bg5 c5 12. Nb5 Qa5+ 13. Bd2  1-0

[Event "1. OEsterreichische Internet Schach Meisterschaft - Vorrunde 2"]
[Site "Online - Playchess.com"]
[Date ""]
[Round "5"]
[Board "47"]
[White "Sulzbacher, Michael"]
[Black "Nisavic, Uros"]
[Result "1-0"]
[WhiteElo "2018"]
[BlackElo "2073"]
[PlyCount "87"]
[EventDate "2020.04.13"]
[EventRounds "9"]
[EventCountry "AUT"]

1. Nc3 d5 2. e4 d4 3. Nce2 e5 4. Nf3 Bd6 5. Ng3 c5 6. Bc4 Nf6 7. d3 Nc6 8. a3 O-O
9. O-O Be6 10. Bb5 Ne7 11. Ng5 Bg4 12. f3 Bh5 13. Nxh5 Nxh5 14. Bc4 h6 15. Nxf7 Rxf7
16. Bxf7+ Kxf7 17. Qe1 Ng6 18. b3 Nhf4 19. g3 Qg5 20. Kh1 Nh4 21. Bxf4 exf4 22. gxh4
Qf6 23. Rg1 g6 24. Rg2 Be7 25. e5 Qf5 26. e6+ Kg7 27. Qe4 Qxe4 28. dxe4 Re8 29. h5
g5 30. h4 Bd8 31. Rg4 Rxe6 32. Rag1 Kf7 33. hxg5 Bxg5 34. Rxg5 hxg5 35. Rxg5 Rh6
36. Rxc5 Ke6 37. Rf5 Rh8 38. Kg2 Rc8 39. Rxf4 Rxc2+ 40. Kf1 Rc3 41. h6 Rxb3 42. h7
Rb1+ 43. Kg2 Rb2+ 44. Kg3  1-0

[Event "1. OEsterreichische Internet Schach Meisterschaft - Vorrunde 2"]
[Site "Online - Playchess.com"]
[Date ""]
[Round "5"]
[Board "48"]
[White "Ehs, Dominik"]
[Black "Moerwald, Magdalena"]
[Result "1-0"]
[WhiteElo "2070"]
[BlackElo "1791"]
[PlyCount "57"]
[EventDate "2020.04.13"]
[EventRounds "9"]
[EventCountry "AUT"]

1. e4 c6 2. d4 d5 3. Nd2 dxe4 4. Nxe4 Nd7 5. Ng5 Ngf6 6. Bd3 e6 7. N1f3 Bd6 8. Qe2
h6 9. Ne4 Nxe4 10. Qxe4 Nf6 11. Qe2 O-O 12. Bd2 c5 13. dxc5 Bxc5 14. O-O-O Qb6 15.
Ne5 Bd7 16. Nxd7 Nxd7 17. Bc3 Bxf2 18. Qg4 Qe3+ 19. Kb1 Qg5 20. Qf3 Bc5 21. h4 Ne5
22. hxg5 Nxf3 23. gxf3 Be3 24. gxh6 Bxh6 25. Rdg1 f6 26. Rxh6 Kf7 27. Rh7 Rg8 28.
Bg6+ Kf8 29. Bb4#  1-0

[Event "1. OEsterreichische Internet Schach Meisterschaft - Vorrunde 2"]
[Site "Online - Playchess.com"]
[Date ""]
[Round "5"]
[Board "49"]
[White "Charaus, Florian"]
[Black "Koglbauer, Uwe"]
[Result "1-0"]
[WhiteElo "2055"]
[BlackElo "1666"]
[PlyCount "67"]
[EventDate "2020.04.13"]
[EventRounds "9"]
[EventCountry "AUT"]

1. d4 Nf6 2. Nc3 d5 3. Bf4 e6 4. e3 Bd6 5. Bd3 O-O 6. Nge2 c5 7. dxc5 Bxc5 8. O-O
Nc6 9. h3 h6 10. a3 e5 11. Bh2 Be6 12. Rc1 Bd6 13. Nb5 Bb8 14. c4 a6 15. cxd5 Bxd5
16. Nbc3 e4 17. Nxd5 Bxh2+ 18. Kxh2 Qxd5 19. Bc4 Qe5+ 20. Kg1 Qxb2 21. Rb1 Qxa3 22.
Rxb7 Na5 23. Rc7 Rad8 24. Bxf7+ Kh8 25. Qb1 Qd6 26. Rfc1 Ne8 27. Nf4 Nxc7 28. Ng6+
Kh7 29. Nxf8+ Kh8 30. Ng6+ Kh7 31. Qxe4 h5 32. Nf8+ Kh6 33. Ne6 Qd5 34. Qg6#  1-0

[Event "1. OEsterreichische Internet Schach Meisterschaft - Vorrunde 2"]
[Site "Online - Playchess.com"]
[Date ""]
[Round "5"]
[Board "50"]
[White "Filek, Mattias"]
[Black "Milanollo, Mario"]
[Result "0-1"]
[WhiteElo "1932"]
[BlackElo "2053"]
[PlyCount "82"]
[EventDate "2020.04.13"]
[EventRounds "9"]
[EventCountry "AUT"]

1. e4 c5 2. Nf3 d6 3. d4 cxd4 4. Nxd4 Nf6 5. Nc3 a6 6. Rg1 h5 7. Be3 Ng4 8. Bf4 e5
9. h3 Nf6 10. Bg5 exd4 11. Qxd4 Nc6 12. Qe3 Be7 13. O-O-O Qa5 14. Kb1 Be6 15. f4
b5 16. f5 Bc4 17. b3 Bxf1 18. Rgxf1 Rc8 19. Nd5 Nb4 20. Nxb4 Qxb4 21. e5 dxe5 22.
Qxe5 O-O 23. Qe2 Rfe8 24. g4 Bd6 25. Qg2 Be5 26. Rfe1 Qc3 27. Rxe5 Rxe5 28. gxh5
Re1 29. Rxe1 Qxe1+ 30. Kb2 Qe5+ 31. Kb1 Qxf5 32. h4 Ne4 33. Bh6 Nc3+ 34. Kc1 Qf6
35. Qb7 Qxh6+ 36. Kb2 Qc6 37. Qe7 Na4+ 38. bxa4 Qxc2+ 39. Ka3 Qxa4+ 40. Kb2 Rc2+
41. Kb1 Qxa2#  0-1

[Event "1. OEsterreichische Internet Schach Meisterschaft - Vorrunde 2"]
[Site "Online - Playchess.com"]
[Date ""]
[Round "5"]
[Board "51"]
[White "Borrmann, Laurenz"]
[Black "Kozissnik, Christian"]
[Result "0-1"]
[WhiteElo "1880"]
[BlackElo "2023"]
[PlyCount "76"]
[EventDate "2020.04.13"]
[EventRounds "9"]
[EventCountry "AUT"]

1. e4 d5 2. exd5 Qxd5 3. Nc3 Qd6 4. d4 c6 5. Nf3 e6 6. Bd3 Nf6 7. O-O Nbd7 8. Be3
Nd5 9. Ne4 Qc7 10. Qd2 Be7 11. a3 N7f6 12. c4 Nxe3 13. Nxf6+ Bxf6 14. fxe3 O-O 15.
e4 g6 16. e5 Bg7 17. Qe3 b6 18. Rad1 Bb7 19. Rfe1 Rad8 20. Bb1 Rd7 21. Ng5 Rfd8 22.
Ne4 Bxe5 23. dxe5 Rxd1 24. Nf6+ Kg7 25. Ne8+ Rxe8 26. Rxd1 Rd8 27. Rf1 c5 28. Qg5
Rf8 29. Qf6+ Kg8 30. h4 Qd8 31. Qf4 Qe7 32. h5 Rd8 33. Qh6 Rd4 34. hxg6 hxg6 35.
Bxg6 fxg6 36. Qxg6+ Kh8 37. Rf7 Rd1+ 38. Kh2 Qh4#  0-1

[Event "1. OEsterreichische Internet Schach Meisterschaft - Vorrunde 2"]
[Site "Online - Playchess.com"]
[Date ""]
[Round "5"]
[Board "52"]
[White "Miazhynski, Alexander"]
[Black "Knoll, Martin"]
[Result "0-1"]
[WhiteElo "1535"]
[BlackElo "2018"]
[PlyCount "62"]
[EventDate "2020.04.13"]
[EventRounds "9"]
[EventCountry "AUT"]

1. e4 c6 2. d4 d5 3. exd5 cxd5 4. c4 Nc6 5. Nf3 Nf6 6. h3 Be6 7. c5 g6 8. Nc3 Bg7
9. a3 O-O 10. Bd3 Qd7 11. O-O Rad8 12. b4 Ne4 13. Bb2 f5 14. Bb5 Kh8 15. Nxe4 fxe4
16. Ne5 Qc8 17. Nxc6 bxc6 18. Be2 Rf6 19. f3 exf3 20. Bxf3 Rdf8 21. Qe2 Rf4 22. Qe3
Bxh3 23. gxh3 Qxh3 24. Qxe7 Rh4 25. Qd6 Rxf3 26. Qd8+ Bf8 27. Rxf3 Rg4+ 28. Kf2 Rg2+
29. Ke3 Qe6+ 30. Kd3 Qe2+ 31. Kc3 Qxf3#  0-1

[Event "1. OEsterreichische Internet Schach Meisterschaft - Vorrunde 2"]
[Site "Online - Playchess.com"]
[Date ""]
[Round "5"]
[Board "53"]
[White "Mittelbach, Eduard"]
[Black "Waldner, Alois"]
[Result "0-1"]
[WhiteElo "1667"]
[BlackElo "2018"]
[PlyCount "40"]
[EventDate "2020.04.13"]
[EventRounds "9"]
[EventCountry "AUT"]

1. e4 e5 2. Nc3 Nc6 3. Bc4 Nf6 4. d3 h6 5. Nf3 Bc5 6. O-O d6 7. Be3 O-O 8. Bxc5 dxc5
9. Nd5 Be6 10. Nxf6+ Qxf6 11. Bxe6 Qxe6 12. Qd2 Rad8 13. Qc3 b6 14. Rad1 Rd7 15.
Nd2 Nd4 16. Qc4 Qg6 17. c3 Ne2+ 18. Kh1 Rfd8 19. Rde1 Nf4 20. Re3 Qxg2#  0-1

[Event "1. OEsterreichische Internet Schach Meisterschaft - Vorrunde 2"]
[Site "Online - Playchess.com"]
[Date ""]
[Round "5"]
[Board "54"]
[White "Auinger, Marcel"]
[Black "Lerch, Johannes"]
[Result "1/2-1/2"]
[WhiteElo "1808"]
[BlackElo "2005"]
[PlyCount "100"]
[EventDate "2020.04.13"]
[EventRounds "9"]
[EventCountry "AUT"]

1. e4 c5 2. Nf3 d6 3. c3 Nf6 4. e5 dxe5 5. Nxe5 Nbd7 6. Nf3 g6 7. d4 cxd4 8. Nxd4
Bg7 9. Be3 O-O 10. Bc4 b6 11. Nd2 Bb7 12. O-O Ne5 13. N4f3 Nxc4 14. Nxc4 Rc8 15.
Qe2 Qc7 16. Na3 Nd5 17. Nc2 Nxe3 18. Nxe3 e6 19. Rad1 Rfd8 20. Rxd8+ Rxd8 21. Rd1
Rd7 22. Rxd7 Qxd7 23. Qd2 Qxd2 24. Nxd2 Kf8 25. Kf1 Ke7 26. b3 Bxc3 27. Ke2 Ba6+
28. Ndc4 Bd4 29. Kd3 Bxe3 30. fxe3 Bxc4+ 31. Kxc4 Kd6 32. Kb5 Kc7 33. Ka6 Kb8 34.
Kb5 Kb7 35. e4 a6+ 36. Kc4 Kc6 37. e5 h6 38. a4 b5+ 39. axb5+ axb5+ 40. Kd4 Kb6 41.
b4 Kc6 42. h4 g5 43. hxg5 hxg5 44. g4 Kb6 45. Ke4 Kb7 46. Kd4 Kc6 47. Ke4 Kc7 48.
Kd4 Kb6 49. Kd3 Ka6 50. Kd4 Kb6  1/2-1/2

[Event "1. OEsterreichische Internet Schach Meisterschaft - Vorrunde 2"]
[Site "Online - Playchess.com"]
[Date ""]
[Round "5"]
[Board "55"]
[White "Guba, Viktor"]
[Black "Kubik, Gerhard"]
[Result "1-0"]
[WhiteElo "1401"]
[BlackElo "1985"]
[PlyCount "57"]
[EventDate "2020.04.13"]
[EventRounds "9"]
[EventCountry "AUT"]

1. e4 g6 2. d4 Bg7 3. Ne2 c5 4. dxc5 Qa5+ 5. Nbc3 Qxc5 6. Be3 Qa5 7. Bd2 Nf6 8. Nd5
Qd8 9. Nxf6+ exf6 10. Bc3 O-O 11. Ng3 Nc6 12. Be2 d6 13. O-O Be6 14. Qd2 Qc7 15.
a3 Rad8 16. Bf3 Ne5 17. Qe3 b6 18. Rad1 Nxf3+ 19. Qxf3 Qc5 20. Rd2 d5 21. exd5 Bxd5
22. Qf4 Bc4 23. Rfd1 Rxd2 24. Rxd2 Re8 25. h3 Re1+ 26. Kh2 Qc8 27. Bxf6 Bxf6 28.
Qxf6 Be6 29. Rd8+  1-0

[Event "1. OEsterreichische Internet Schach Meisterschaft - Vorrunde 2"]
[Site "Online - Playchess.com"]
[Date ""]
[Round "5"]
[Board "56"]
[White "Gallob, Marko"]
[Black "Pedevilla, Luis"]
[Result "0-1"]
[WhiteElo "1961"]
[BlackElo "1650"]
[PlyCount "100"]
[EventDate "2020.04.13"]
[EventRounds "9"]
[EventCountry "AUT"]

1. e4 c5 2. Nf3 Nc6 3. d4 cxd4 4. Nxd4 g6 5. Nc3 Bg7 6. Be3 e6 7. Bc4 Nge7 8. O-O
a6 9. Kh1 O-O 10. f4 Qb6 11. Nxc6 Qxc6 12. Bb3 b5 13. a3 Bb7 14. Qd2 Rfd8 15. Rad1
Kh8 16. f5 exf5 17. Nd5 Nxd5 18. Bxd5 Qc7 19. Bxb7 Qxb7 20. exf5 Bxb2 21. Bd4+ Bxd4
22. Qxd4+ Kg8 23. fxg6 hxg6 24. Rf3 Rac8 25. Rh3 f5 26. Qh8+ Kf7 27. Rh7+ Ke6 28.
Re1+ Kd6 29. Qe5+ Kc6 30. Rg7 d6 31. Rxg6 Qb6 32. Rd1 Kc7 33. Rg7+ Kb8 34. Qxf5 Rf8
35. Rf7 Rfe8 36. Qd7 Re2 37. h3 Rexc2 38. Rxd6 Rc1+ 39. Kh2 Qg1+ 40. Kg3 R1c3+ 41.
Rd3 Rg8+ 42. Kf4 Rc4+ 43. Ke5 Qc5+ 44. Qd5 Rg5+ 45. Rf5 Qe7+ 46. Qe6 Re4+ 47. Kxe4
Qxe6+ 48. Re5 Qxe5+ 49. Kf3 Rg3+ 50. Kf2 Rxd3  0-1

[Event "1. OEsterreichische Internet Schach Meisterschaft - Vorrunde 2"]
[Site "Online - Playchess.com"]
[Date ""]
[Round "5"]
[Board "57"]
[White "Werdecker, Roland"]
[Black "Maderner, Arnulf"]
[Result "1-0"]
[WhiteElo "1960"]
[BlackElo "1687"]
[PlyCount "101"]
[EventDate "2020.04.13"]
[EventRounds "9"]
[EventCountry "AUT"]

1. d4 Nf6 2. Nf3 e6 3. g3 d5 4. Bg2 c5 5. O-O cxd4 6. Nxd4 Be7 7. c4 O-O 8. cxd5
Nxd5 9. Qb3 Qb6 10. Bxd5 Qxd4 11. Bxb7 Bxb7 12. Qxb7 Nd7 13. Be3 Qd6 14. Bxa7 Nc5
15. Bxc5 Qxc5 16. Nc3 Bf6 17. Ne4 Qf5 18. Nxf6+ Qxf6 19. Rfb1 Rfb8 20. Qe4 Ra7 21.
a3 Rab7 22. b4 Rb5 23. Qf4 Qc3 24. Rc1 Qb2 25. Qf3 Rf5 26. Qc3 Qxc3 27. Rxc3 Rfb5
28. Rac1 g6 29. Rc8+ Kg7 30. Rxb8 Rxb8 31. Rb1 Ra8 32. Rb3 e5 33. f3 Kf6 34. Kf2
Ke6 35. Ke3 Kd5 36. Kd3 f5 37. e4+ Kd6 38. b5 Ra4 39. b6 Rd4+ 40. Ke3 Rd1 41. b7
Re1+ 42. Kf2 Rc1 43. b8=Q+ Ke6 44. Rb6+ Kf7 45. Qc7+ Ke8 46. Qxc1 Kd8 47. Qd1+ Kc7
48. Qd6+ Kc8 49. Rc6+ Kb7 50. Rc7+ Kb8 51. Qd8#  1-0

[Event "1. OEsterreichische Internet Schach Meisterschaft - Vorrunde 2"]
[Site "Online - Playchess.com"]
[Date ""]
[Round "5"]
[Board "58"]
[White "Kienboeck, Benjamin"]
[Black "Katter, Katharina"]
[Result "0-1"]
[WhiteElo "1922"]
[BlackElo "1930"]
[PlyCount "108"]
[EventDate "2020.04.13"]
[EventRounds "9"]
[EventCountry "AUT"]

1. e4 e5 2. Nf3 Nc6 3. d4 exd4 4. Nxd4 Bc5 5. Nb3 Bb6 6. Nc3 Nf6 7. Qe2 d6 8. Be3
Qe7 9. f3 Bd7 10. O-O-O O-O-O 11. a3 Be6 12. Nd4 Nxd4 13. Bxd4 Bxd4 14. Rxd4 Nd7
15. Nd5 Bxd5 16. Rxd5 Nb6 17. Rd3 Rhe8 18. Qd2 g6 19. a4 f5 20. exf5 gxf5 21. a5
Nc4 22. Qc3 d5 23. g3 Qe1+ 24. Qxe1 Rxe1+ 25. Rd1 Rxd1+ 26. Kxd1 Nxb2+ 27. Kd2 Nc4+
28. Bxc4 dxc4+ 29. Kc3 Rd5 30. Ra1 Rc5 31. Kd4 Rc6 32. Ra4 Kd7 33. Rxc4 Rxc4+ 34.
Kxc4 b6 35. axb6 cxb6 36. g4 fxg4 37. fxg4 a5 38. Kb5 Kd6 39. c4 Ke5 40. c5 bxc5
41. Kxa5 c4 42. Ka4 Kd4 43. Ka3 c3 44. h4 Kd3 45. g5 c2 46. h5 c1=Q+ 47. Kb4 Qxg5
48. h6 Qxh6 49. Kc5 Qe6 50. Kb5 Qc8 51. Kb4 Kd4 52. Ka5 Qb7 53. Ka4 Kc4 54. Ka3 Qb3#
 0-1

[Event "1. OEsterreichische Internet Schach Meisterschaft - Vorrunde 2"]
[Site "Online - Playchess.com"]
[Date ""]
[Round "5"]
[Board "59"]
[White "Gartmayer, Stefan"]
[Black "Schein, Leopold"]
[Result "1-0"]
[WhiteElo "1914"]
[BlackElo "1584"]
[PlyCount "49"]
[EventDate "2020.04.13"]
[EventRounds "9"]
[EventCountry "AUT"]

1. d4 Nf6 2. Nf3 d5 3. c4 e6 4. Nc3 dxc4 5. Bg5 Bb4 6. e3 O-O 7. Bxc4 c5 8. O-O Bxc3
9. bxc3 Nbd7 10. Qe2 a6 11. a4 Qa5 12. Rfc1 h6 13. Bh4 cxd4 14. cxd4 Qh5 15. Bg3
b6 16. Bd6 Re8 17. a5 b5 18. Bd3 Bb7 19. Ne5 Qxe2 20. Bxe2 Nxe5 21. dxe5 Ne4 22.
Rc7 Bd5 23. Rac1 Nxd6 24. exd6 Red8 25. d7  1-0

[Event "1. OEsterreichische Internet Schach Meisterschaft - Vorrunde 2"]
[Site "Online - Playchess.com"]
[Date ""]
[Round "5"]
[Board "60"]
[White "Wimmer, Michael"]
[Black "Haas, Gerald"]
[Result "0-1"]
[WhiteElo "1559"]
[BlackElo "1906"]
[PlyCount "68"]
[EventDate "2020.04.13"]
[EventRounds "9"]
[EventCountry "AUT"]

1. e4 c5 2. Nf3 Nc6 3. d4 cxd4 4. Nxd4 e5 5. Nb3 d6 6. Nc3 Nf6 7. Bd3 h5 8. a3 Be7
9. h3 Be6 10. Be3 a6 11. O-O Qd7 12. h4 Ng4 13. g3 Nxe3 14. fxe3 Bg4 15. Qd2 Qd8
16. Qf2 O-O 17. Be2 Qd7 18. Nd5 Bd8 19. Nd2 Ne7 20. c4 Nxd5 21. exd5 Bb6 22. Bxg4
Qxg4 23. Qf3 Qh3 24. Rae1 f5 25. Qg2 Qg4 26. Qf3 f4 27. Qxg4 hxg4 28. gxf4 exf4 29.
c5 Bxc5 30. Nc4 f3 31. b4 Ba7 32. Kh2 Rae8 33. Kg3 Re4 34. Nxd6 Bb8  0-1

[Event "1. OEsterreichische Internet Schach Meisterschaft - Vorrunde 2"]
[Site "Online - Playchess.com"]
[Date ""]
[Round "5"]
[Board "61"]
[White "Wurzer, Gerhard"]
[Black "Rosol, Philip"]
[Result "1/2-1/2"]
[WhiteElo "1889"]
[BlackElo "1468"]
[PlyCount "90"]
[EventDate "2020.04.13"]
[EventRounds "9"]
[EventCountry "AUT"]

1. c3 e5 2. d3 d5 3. Qc2 Nf6 4. e4 dxe4 5. dxe4 Bc5 6. Be2 O-O 7. Nf3 Nc6 8. O-O
h6 9. Nbd2 a5 10. b3 Qe7 11. Bb2 Be6 12. Nc4 Rfd8 13. Rad1 Bxc4 14. Bxc4 Rxd1 15.
Rxd1 Rd8 16. Rxd8+ Qxd8 17. h3 Qd6 18. Qd3 Kf8 19. Kf1 Ke7 20. Qxd6+ cxd6 21. Bd3
Nh5 22. g3 g5 23. Ke2 Ng7 24. Bc1 Ne6 25. Be3 Bxe3 26. Kxe3 Nc5 27. Bc2 b5 28. Nh2
h5 29. Nf3 f6 30. Nd2 b4 31. c4 Nd4 32. Bb1 a4 33. bxa4 Nxa4 34. Nb3 Nc3 35. Bd3
Nc6 36. Nc1 Nd4 37. Kd2 Kd7 38. Ke3 Kc6 39. Nb3 Nxb3 40. axb3 Kc5 41. Bc2 Na2 42.
Bd3 Nc1 43. Bc2 Na2 44. Bd3 Nc3 45. Bc2 Na2  1/2-1/2

[Event "1. OEsterreichische Internet Schach Meisterschaft - Vorrunde 2"]
[Site "Online - Playchess.com"]
[Date ""]
[Round "5"]
[Board "62"]
[White "Riegler, Moritz"]
[Black "Holzleithner, Johannes"]
[Result "1/2-1/2"]
[WhiteElo "1705"]
[BlackElo "1979"]
[PlyCount "100"]
[EventDate "2020.04.13"]
[EventRounds "9"]
[EventCountry "AUT"]

1. d4 Nf6 2. Nf3 d5 3. e3 c5 4. c3 Nc6 5. Nbd2 e6 6. Bd3 Bd6 7. O-O O-O 8. dxc5 Bxc5
9. e4 dxe4 10. Nxe4 Nxe4 11. Bxe4 Qxd1 12. Rxd1 f5 13. Bxc6 bxc6 14. Bf4 Ba6 15.
Rd7 Rad8 16. Rad1 Bb6 17. Ne5 Rxd7 18. Rxd7 Rd8 19. Rxd8+ Bxd8 20. Nxc6 Bb6 21. Bb8
Bc4 22. Nxa7 Bxa2 23. Nb5 Kf7 24. Be5 Bb3 25. Nd4 Bxd4 26. Bxd4 g5 27. f3 h5 28.
Kf2 f4 29. Ke2 Bc4+ 30. Kd2 Kg6 31. g3 fxg3 32. hxg3 h4 33. gxh4 gxh4 34. Be5 Kf5
35. Bh2 e5 36. Ke1 e4 37. fxe4+ Kxe4 38. Kf2 Kd3 39. Kg2 Kc2 40. Kh3 Kxb2 41. Be5
Kb3 42. Kxh4 Be6 43. Kg5 Kc4 44. Kf6 Bd5 45. Kf5 Bg2 46. Kf4 Bf1 47. Ke3 Bd3 48.
Bd4 Bb1 49. Kf4 Bd3 50. Ke5 Bb1  1/2-1/2

[Event "1. OEsterreichische Internet Schach Meisterschaft - Vorrunde 2"]
[Site "Online - Playchess.com"]
[Date ""]
[Round "5"]
[Board "63"]
[White "Wimmer, Norbert"]
[Black "Bachler, Reinhard"]
[Result "0-1"]
[WhiteElo "1973"]
[BlackElo "2143"]
[PlyCount "52"]
[EventDate "2020.04.13"]
[EventRounds "9"]
[EventCountry "AUT"]

1. d4 Nf6 2. Nf3 g6 3. g3 Bg7 4. Bg2 O-O 5. O-O e6 6. b3 b6 7. Bb2 Bb7 8. Nbd2 Ne4
9. Nxe4 Bxe4 10. c4 d6 11. Rc1 Nd7 12. Nd2 Bxg2 13. Kxg2 a5 14. e4 e5 15. Nf3 Qe7
16. dxe5 dxe5 17. Qd5 Rad8 18. Qc6 Nc5 19. Rcd1 Nd3 20. Bc3 Nb4 21. Qa4 c5 22. a3
Nc2 23. b4 axb4 24. axb4 Nd4 25. bxc5 bxc5 26. Qa6 Ra8  0-1

[Event "1. OEsterreichische Internet Schach Meisterschaft - Vorrunde 2"]
[Site "Online - Playchess.com"]
[Date ""]
[Round "5"]
[Board "64"]
[White "Pilshofer, Paul"]
[Black "Hatzl, Johannes"]
[Result "0-1"]
[WhiteElo "1715"]
[BlackElo "2131"]
[PlyCount "68"]
[EventDate "2020.04.13"]
[EventRounds "9"]
[EventCountry "AUT"]

1. d4 d5 2. Nf3 e6 3. g3 Nf6 4. Bg2 Be7 5. O-O O-O 6. c4 dxc4 7. Ne5 Nc6 8. Nxc6
bxc6 9. Bxc6 Rb8 10. Nc3 Bb7 11. Bxb7 Rxb7 12. e4 c5 13. Be3 cxd4 14. Qxd4 Qxd4 15.
Bxd4 Rxb2 16. Bxa7 Bb4 17. Bd4 Rc2 18. Rac1 Bxc3 19. Rxc2 Bxd4 20. Rxc4 e5 21. a4
Nxe4 22. Rc2 Ra8 23. Kg2 g6 24. f3 Nc3 25. f4 e4 26. Rd2 Rxa4 27. f5 e3 28. Rc2 e2
29. Re1 gxf5 30. Kf3 Kg7 31. Kf4 Bf2+ 32. Kxf5 Bxe1 33. h4 Bxg3 34. h5 e1=Q  0-1

[Event "1. OEsterreichische Internet Schach Meisterschaft - Vorrunde 2"]
[Site "Online - Playchess.com"]
[Date ""]
[Round "5"]
[Board "65"]
[White "Wilplinger, Hugo"]
[Black "Pernerstorfer, Max"]
[Result "0-1"]
[WhiteElo "1629"]
[BlackElo "2066"]
[PlyCount "33"]
[EventDate "2020.04.13"]
[EventRounds "9"]
[EventCountry "AUT"]

1. e4 e5 2. Nf3 Nc6 3. Bc4 Bc5 4. O-O Nf6 5. Re1 d6 6. d3 a6 7. a3 Ba7 8. Bg5 h6
9. Bh4 g5 10. Bg3 Bg4 11. h3 Bh5 12. Nbd2 Qd7 13. Qb1 g4 14. hxg4 Qxg4 15. Nh2 Qxg3
16. Rf1 Rg8 17. Bxf7+  0-1

[Event "1. OEsterreichische Internet Schach Meisterschaft - Vorrunde 2"]
[Site "Online - Playchess.com"]
[Date ""]
[Round "5"]
[Board "66"]
[White "Stolzlechner, Thomas"]
[Black "Moerwald, Miriam"]
[Result "1-0"]
[WhiteElo "2037"]
[BlackElo "1760"]
[PlyCount "93"]
[EventDate "2020.04.13"]
[EventRounds "9"]
[EventCountry "AUT"]

1. e4 e6 2. d4 d5 3. Nd2 c5 4. exd5 Qxd5 5. Ngf3 Nf6 6. Bc4 Qd6 7. O-O cxd4 8. Nb3
Nc6 9. Nbxd4 Nxd4 10. Qxd4 Qxd4 11. Nxd4 a6 12. c3 Bd6 13. Be2 O-O 14. Bf3 e5 15.
Nb3 Rb8 16. Bg5 e4 17. Be2 Nd5 18. Rfd1 Be6 19. Nd4 e3 20. fxe3 f6 21. Nxe6 fxg5
22. Nxf8 Nxe3 23. Rxd6 Rxf8 24. Re6 Nc2 25. Rf1 Rd8 26. Bc4 Kh8 27. Re2 b5 28. Bb3
Ne3 29. Rxe3 Rb8 30. Rfe1 h5 31. Re8+ Rxe8 32. Rxe8+ Kh7 33. Ra8 g6 34. Rxa6 Kh6
35. Rb6 b4 36. Rb5 h4 37. Rxb4 Kh5 38. h3 g4 39. Bd1 g5 40. Bxg4+ Kh6 41. Rb6+ Kh7
42. a4 Kg7 43. a5 Kf7 44. a6 Ke7 45. a7 Kf7 46. a8=Q Ke7 47. Qa7+  1-0

[Event "1. OEsterreichische Internet Schach Meisterschaft - Vorrunde 2"]
[Site "Online - Playchess.com"]
[Date ""]
[Round "5"]
[Board "67"]
[White "Kreutzmann, Duke"]
[Black "Maister, Dieter"]
[Result "1-0"]
[WhiteElo "2036"]
[BlackElo "1851"]
[PlyCount "131"]
[EventDate "2020.04.13"]
[EventRounds "9"]
[EventCountry "AUT"]

1. d4 c6 2. c4 d5 3. cxd5 cxd5 4. Bf4 Nc6 5. Nc3 Nf6 6. e3 a6 7. Rc1 Bf5 8. Nf3 e6
9. Qb3 Qd7 10. Na4 Bb4+ 11. Nd2 Bxd2+ 12. Kxd2 Rd8 13. f3 O-O 14. Nc5 Qe7 15. Qxb7
Qxb7 16. Nxb7 Ra8 17. Rxc6 a5 18. g4 Bg6 19. Bd3 Ra7 20. Nc5 Bxd3 21. Kxd3 Rfa8 22.
Rc1 h6 23. h4 Kh7 24. g5 hxg5 25. hxg5 Ng8 26. Kd2 Ne7 27. Rb6 a4 28. Rh1+ Kg6 29.
Kd3 Nf5 30. Rh2 Ne7 31. b3 Nf5 32. b4 Rc8 33. a3 Ne7 34. Rc2 Nf5 35. e4 Ne7 36. Nxe6
fxe6 37. Rxe6+ Kf7 38. Rxe7+ Kxe7 39. Rxc8 dxe4+ 40. fxe4 Rd7 41. Rc7 Ke6 42. Rxd7
Kxd7 43. Kc4 Kc6 44. d5+ Kd7 45. Kc5 g6 46. e5 Kc8 47. e6 Kd8 48. Bc1 Ke7 49. Kc6
Kd8 50. d6 Kc8 51. d7+ Kd8 52. e7+ Kxe7 53. Kc7 Ke6 54. d8=Q Kf5 55. Qf6+ Kg4 56.
Qf4+ Kh5 57. Qf3+ Kh4 58. Qh1+ Kg4 59. Qd1+ Kf5 60. Qxa4 Kg4 61. Kd6 Kf5 62. Kd5
Kg4 63. Ke4 Kh3 64. Kf3 Kh4 65. Qa8 Kh5 66. Qh8#  1-0

[Event "1. OEsterreichische Internet Schach Meisterschaft - Vorrunde 2"]
[Site "Online - Playchess.com"]
[Date ""]
[Round "5"]
[Board "68"]
[White "Ticar, Clemens"]
[Black "Mayrhuber, Nikola"]
[Result "0-1"]
[WhiteElo "1753"]
[BlackElo "2025"]
[PlyCount "98"]
[EventDate "2020.04.13"]
[EventRounds "9"]
[EventCountry "AUT"]

1. Nf3 d5 2. c4 e6 3. b3 Nf6 4. Bb2 c5 5. g3 Nc6 6. Bg2 d4 7. d3 Bd6 8. O-O O-O 9.
Nbd2 e5 10. e3 Bf5 11. e4 Bg4 12. h3 Bd7 13. Ng5 g6 14. f4 Nh5 15. fxe5 Nxe5 16.
Ndf3 Nxg3 17. Rf2 Nxf3+ 18. Qxf3 Qxg5 19. Bc1 Qh5 20. Qf6 Be5 21. Qe7 Be6 22. Bf4
Bxf4 23. Rxf4 Ne2+ 24. Kh2 Nxf4 25. Qxb7 Nxg2 26. Kxg2 Qxh3+ 27. Kf2 Qh2+ 28. Ke1
Qg1+ 29. Kd2 Qxa1 30. e5 Qc3+ 31. Ke2 Bg4+ 32. Kf2 Qd2+ 33. Kg3 h5 34. e6 Qe3+ 35.
Kh4 Qxe6 36. Kg5 f6+ 37. Kh6 Qf7 38. Qxf7+ Rxf7 39. b4 Rh7+ 40. Kxg6 Rg7+ 41. Kxf6
h4 42. b5 h3 43. a4 h2 44. a5 h1=Q 45. b6 Qc6+ 46. Ke5 Qe6+ 47. Kf4 Qf5+ 48. Kg3
Qf3+ 49. Kh4 Qh3#  0-1